Normal view MARC view
  • Luther Shammi

Entry Corporate Name

Number of records used in: 1

001 - CONTROL NUMBER

  • control field: 208277

003 - CONTROL NUMBER IDENTIFIER

  • control field: OSt

005 - DATE AND TIME OF LATEST TRANSACTION

  • control field: 20240816120938.0

008 - FIXED-LENGTH DATA ELEMENTS

  • fixed length control field: 240816|| aca||aabn | a|a d

040 ## - CATALOGING SOURCE

  • Original cataloging agency: OSt
  • Transcribing agency: OSt

110 ## - HEADING--CORPORATE NAME

  • Corporate name or jurisdiction name as entry element: Luther Shammi

670 ## - SOURCE DATA FOUND

  • Source citation: Work cat.: (OSt)359374: Dular Sunil Kumar 208136, Applied Nutrition and Dietetics for B.Sc. Nursing Students, 2023